New perspectives on human resource management
Αποθηκεύτηκε σε:
| Άλλοι συγγραφείς: | |
|---|---|
| Μορφή: | Βιβλίο |
| Γλώσσα: | English |
| Δημοσίευση: |
London :
ITP,
c1989
|
| Θέματα: | |
| Ετικέτες: |
Προσθήκη ετικέτας
Δεν υπάρχουν, Καταχωρήστε ετικέτα πρώτοι!
|
MARC
| LEADER | 00000nam a2200000 i 4500 | ||
|---|---|---|---|
| 001 | 1/4187 | ||
| 008 | 000524s1989 eng d | ||
| 020 | |a 1-86152-508-7 | ||
| 035 | |l 10061066 | ||
| 040 | |a GR-MY-UA |b gre |e aacr | ||
| 041 | 0 | |a eng | |
| 082 | 0 | |a 658.3 | |
| 245 | 1 | 0 | |a New perspectives on human resource management / |c edited by John Storey |
| 260 | |a London : |b ITP, |c c1989 | ||
| 300 | |a xiv, 205 p. | ||
| 504 | |a Includes bibliography and index | ||
| 650 | 0 | 0 | |a Personnel management. |
| 700 | 1 | |a Storey, John |d 1947- |4 edt | |
| 852 | |a INST |b CHIOS |e 20000524 |h 658.3 NEW |p 005200017583 |q 005200017583 |t BK |y 4 |x 20200214 | ||
| 901 | |a BIBL2-2000-2 | ||
| 909 | |a Χ |b 077942 | ||
| 922 | |a 2ΕΛΗ |b 200005 |c ΤΔΕ |d ΠΑΠΑΣΩΤΗΡΙΟΥ | ||
| 950 | |a 112-1999-11-07 | ||
| 970 | |a ΣΠΕΝΤΖΑ |b ΕΛΕΝΗ |z 2000/05/25 | ||